<?xml version="1.0" encoding="UTF-8"?>
<collection xmlns="http://www.loc.gov/MARC21/slim">
 <record>
  <leader>01386nam a2200205Ia 4500</leader>
  <controlfield tag="001">CTU_95990</controlfield>
  <controlfield tag="008">210402s9999    xx            000 0 und d</controlfield>
  <datafield tag="020" ind1=" " ind2=" ">
   <subfield code="c">70000</subfield>
  </datafield>
  <datafield tag="082" ind1=" " ind2=" ">
   <subfield code="a">915.97003</subfield>
  </datafield>
  <datafield tag="082" ind1=" " ind2=" ">
   <subfield code="b">Y600</subfield>
  </datafield>
  <datafield tag="100" ind1=" " ind2=" ">
   <subfield code="a">Nguyễn, Như Ý</subfield>
  </datafield>
  <datafield tag="245" ind1=" " ind2="0">
   <subfield code="a">Từ điển địa danh văn hoá và thắng cảnh Việt Nam =</subfield>
  </datafield>
  <datafield tag="245" ind1=" " ind2="0">
   <subfield code="b">Dictionary of Vietnamese cultural place names and scenic spots</subfield>
  </datafield>
  <datafield tag="245" ind1=" " ind2="0">
   <subfield code="c">Nguyễn Như Ý, Nguyễn Thành Chương, Bùi Thiết</subfield>
  </datafield>
  <datafield tag="260" ind1=" " ind2=" ">
   <subfield code="a">Thành phố Hồ Chí Minh</subfield>
  </datafield>
  <datafield tag="260" ind1=" " ind2=" ">
   <subfield code="b">Khoa học xã hội</subfield>
  </datafield>
  <datafield tag="260" ind1=" " ind2=" ">
   <subfield code="c">2004</subfield>
  </datafield>
  <datafield tag="520" ind1=" " ind2=" ">
   <subfield code="a">Giới thiệu gần 5000 địa danh văn hóa và thắng cảnh Việt Nam xếp theo thứ tự a, b, c gồm các loại hình sau: Những địa danh có các di tích lịch sử như: đền, chùa, lăng , miếu..., địa danh gắn với di chỉ khảo cổ học xưa và nay, những địa danh là các thắng cảnh nổi tiếng, những địa danh là các làng nghề truyền thống, làng hội, làng danh nhân,... địa danh hành chính từ cấp tỉnh, thành phố trực thuộc trung ương.</subfield>
  </datafield>
  <datafield tag="904" ind1=" " ind2=" ">
   <subfield code="i">Tuyến (sửa số pl 915.9597003/Y600 thành 915.97003/Y600), Vân</subfield>
  </datafield>
  <datafield tag="980" ind1=" " ind2=" ">
   <subfield code="a">Trung tâm Học liệu Trường Đại học Cần Thơ</subfield>
  </datafield>
 </record>
</collection>
